Регионална библиотека "Любен Каравелов" - Русе

Невропсихология на несъзнаваното (Запис номер 333799)

MARC детайли
000 -Лидер
Контролно поле с фиксирана дължина 01539nam a2200349 a 4500
003 - Код на организацията, давaща контролен номер
Контролно поле BLK
005 - Дата и час на последна редакция
Контролно поле 20250710141619.0
008 - Елементи от данни с фиксирана дължина
fixed length control field 190812b bu |||||r|||| 00| 0 bu d
020 ## - Международен стандартен номер на книга ISBN
Международен стандартен номер на книга ISBN 9786190103004
040 ## - Източник на каталожния запис
Идентификатор на билиотеката - собственик на записа BLK
041 ## - Код за език
Код за езика на текст/звукозапис или на отделно заглавие Български
Код за езика КДБФ Български
080 ## - УДК
Текстов определител УДК Психоанализа
УДК код - определител по УДК 159.964.2
УДК - код + определител 159.964.2
080 ## - УДК
Текстов определител УДК Народна медицина. Лечение с домашни средства
УДК код - определител по УДК 615.89
УДК - код + определител 616.89
100 ## - Редна дума - Автор
Автор Гинот, Ефрат
Авторска отговорност първи автор
R(LIN) 1299
139 ## - Редно поле
Редна дума Гинот, Ефрат
Авторски знак Гин - Г 49
245 ## - Сведения за заглавието
Заглавие Невропсихология на несъзнаваното
Подзаглавни данни интегриране на мозъка и психиката в психотерапията
Редно поле (дума) Ефрат Гинот ; предг. от Алан Н. Скор ; прев. от англ. Людмила Андреева
260 ## - Област на издателските данни
9 (RLIN) 210881
Място на издаване, разпространение и проч. София
Име на издателя, разпространителя и проч. Изток-Запад
Година на издаване 2018
300 ## - Физическа характеристика
Страници 400 с.
Размери/Мащаб 22 см
380 ## - Жанр
Жанр Философия
500 ## - Общи забележки
Забележка Прев. от: The neuropsychology of the unconscious / Efrat Ginot
650 #7 - Допълнително описание по предмет – тема
9 (RLIN) 168303
Основно описание – тема или топоним Психоанализа
650 #7 - Допълнително описание по предмет – тема
9 (RLIN) 168269
Основно описание – тема или топоним Психиатрия
700 ## - Други автори (авторска отговорност)
9 (RLIN) 1236
Лично име Скор, Алан Н.
Автороска отговорност (Описва отношението между автора и произведението) предг. от
700 ## - Други автори (авторска отговорност)
9 (RLIN) 246962
Лично име Андреева, Людмила Маринова
Автороска отговорност (Описва отношението между автора и произведението) прев. от англ.
730 ## - Точка за достъп--Унифицирано заглавие
Унифицирано заглавие The neuropsychology of the unconscious
9 (RLIN) 395771
852 ## - Местоположение
Форматна сигнатура Цб 296340
942 ## - АРТИКУЛИ
Вид на библиотечния материал Книги
Скрит в OPAC Не
Периодичен библиозапис Да
Koha issues (borrowed), all copies 19
944 ## - СЪЗДАВАНЕ И РЕДАКЦИЯ на ЗАПИСА
Създаване/Редакция Създаване
Дата на регистрацията/редакция 2019-08-12
Служител, извършил регистрацията/редакцията 30576
Статус, дата на статуса Цветомила Тодорова
999 ## - СИСТЕМНИ КОНТРОЛНИ НОМЕРА
Koha biblionumber 333799
Koha biblioitemnumber 333799
999 ## - СИСТЕМНИ КОНТРОЛНИ НОМЕРА
Koha biblioitemnumber 333799
999 ## - СИСТЕМНИ КОНТРОЛНИ НОМЕРА
Koha biblioitemnumber 333799
999 ## - СИСТЕМНИ КОНТРОЛНИ НОМЕРА
Koha biblioitemnumber 333799
Наличности
Код за отписване Код за изгубен артикул Източник на класификационната схема Код за повреда Коз за рестрикции Код за отдаване Артикулен № Име на библиотеката - собственик Име на библиотеката, в която се намира в момента Статус (Текущо местоположение) Дата на вписване в системата Местоположение - отдел Цена в лева Систематично азбучна сигнатура Баркод Цена в евро Служебен тип на артикула
  Не е изгубен Universal Decimal Classification Не е повреден само за читалня ползва се в читалня 751785 Регионална библиотека "Любен Каравелов" Русе Регионална библиотека "Любен Каравелов" Русе Хранилище 2019-12-12 Хранилище 23.00 Цб 296340 120000835293 11.76 Книги
  Не е изгубен Universal Decimal Classification Не е повреден без рестрикции заемане за дома 752443 Регионална библиотека "Любен Каравелов" Русе Регионална библиотека "Любен Каравелов" Русе Заемна - подръчен фонд 2019-12-12 Заемна - подръчен фонд 17.25 П 159.964.2/Г 49 Е 120000840088 8.82 Книги
  Не е изгубен Universal Decimal Classification Не е повреден без рестрикции заемане за дома 752444 Регионална библиотека "Любен Каравелов" Русе Регионална библиотека "Любен Каравелов" Русе Заемна - подръчен фонд 2019-12-12 Заемна - подръчен фонд 17.25 П 159.964.2/Г 49 Е 120000840089 8.82 Книги
Vip Innovations Ltd, Rousse, Bulgaria 2025